| 000 | 00630 a2200205 4500 | ||
|---|---|---|---|
| 005 | 20260407120915.0 | ||
| 008 | 260218b |||||||| |||| 00| 0 eng d | ||
| 020 |
_a9788196672669 _cरु 395.00 |
||
| 040 | _aMAIN | ||
| 082 |
_a891.43301731 _bSA28P |
||
| 100 | _aसंजीव | ||
| 110 | _a | ||
| 245 | _aप्रतिनिधि कहानियाँ | ||
| 250 | _aLatest edition | ||
| 260 |
_bराजकमल प्रकाशन _c2025 _aनई दिल्ली |
||
| 300 | _a152 | ||
| 650 | _aहिन्दी साहित्य | ||
| 651 | _aकहानी-संग्रह | ||
| 942 | _cHN | ||
| 999 |
_c394003 _d394003 |
||